20 grootste gemeenten van Nederland - Statistieken

Algemene statistieken
  • Deze quiz is 17 keer genomen
  • De gemiddelde score is 16 van 20
Antwoordstatistieken
Inwoners Gemeente % Correct
931k Amsterdam
100%
566k Den Haag
100%
246k Eindhoven
100%
671k Rotterdam
100%
162k Amersfoort
92%
161k Den Bosch
92%
244k Groningen
92%
167k Haarlem
92%
374k Utrecht
92%
167k Arnhem
83%
187k Nijmegen
83%
230k Tilburg
83%
227k Almere
75%
168k Apeldoorn
75%
188k Breda
75%
162k Enschede
75%
133k Zwolle
75%
130k Leiden
67%
161k Zaanstad
42%
163k Haarlemmermeer
33%
Geen overeenkomende quizzen gevonden
Scoreverdeling
Procent van Mensen met Elke Score
Percentiel versus Aantal Correcte Antwoorden
Uw Scoregeschiedenis
U heeft deze quiz nog niet genomen